[Event "Irish Championship 2018"]
[Site "Dublin IRL"]
[Date "2018.08.07"]
[Round "4.14"]
[White "Melaugh, Shane"]
[Black "Manojlovic, Mihailo"]
[Result "0-1"]
[WhiteElo "2086"]
[BlackElo "1988"]
[WhiteICU "2111"]
[BlackICU "2022"]
[WhiteClub "Elm Mount"]
[BlackClub "St. Benildus"]
[WhiteNationality "IRL"]
[BlackNationality "IRL"]
[WhiteFideId "2509580"]
[BlackFideId "2507633"]
[PlyCount "64"]
[EventDate "2018.08.04"]
[Source "TWIC 1240"]

{ Event information: <a
href="https://www.irlchess.com/irlch2018_allfiles/pairings_irlch2018.html">Tournament
report</a>. }

1. e4 e6 2. d4 d5 3. Nc3 Bb4 4. e5 c5 5. a3 Bxc3+ 6. bxc3 Ne7 7. Qg4 cxd4
8. Bd3 Qa5 9. Ne2 O-O 10. O-O dxc3 11. Bxh7+ Kxh7 12. Qh4+ Kg8 13. Qxe7 Nc6
14. Qg5 d4 15. f4 Qd8 16. Qg3 f6 17. Rd1 fxe5 18. fxe5 Qa5 19. Bf4 Qc5 20.
Rd3 b6 21. Nc1 Ba6 22. Nb3 Qd5 23. Rf3 Bc4 24. Rd1 Be2 25. Bh6 Qxe5 26. Bf4
Qh5 27. Re1 Bxf3 28. gxf3 Qf5 29. Re4 Rae8 30. Nxd4 Nxd4 31. Rxd4 Rf7 32.
Kg2 e5 0-1

[Event "Irish Championship 2018"]
[Site "Dublin IRL"]
[Date "2018.08.07"]
[Round "4.15"]
[White "O'Neill, Paul"]
[Black "Bourached, Anthony"]
[Result "0-1"]
[WhiteElo "1985"]
[BlackElo "2026"]
[WhiteICU "1991"]
[BlackICU "2083"]
[WhiteClub "Elm Mount"]
[BlackClub "T.C.D."]
[WhiteNationality "IRL"]
[BlackNationality "IRL"]
[WhiteFideId "2507692"]
[BlackFideId "2504456"]
[PlyCount "136"]
[EventDate "2018.08.04"]
[Source "TWIC 1240"]

{ Event information: <a
href="https://www.irlchess.com/irlch2018_allfiles/pairings_irlch2018.html">Tournament
report</a>. }

1. d4 c6 2. Nf3 d5 3. c4 Nf6 4. Nc3 g6 5. cxd5 cxd5 6. Bf4 Bg7 7. e3 O-O 8.
Bd3 Nc6 9. h3 Kh8 10. O-O Bf5 11. Bxf5 gxf5 12. Ne5 Ne4 13. Nxc6 bxc6 14.
Rc1 Qe8 15. Qa4 Nd2 16. Rfd1 Nc4 17. Qc2 e6 18. b3 Nb6 19. Nb1 Rc8 20. b4
f6 21. Bg3 Qd7 22. a4 e5 23. a5 Nc4 24. Nd2 Nd6 25. Nb3 Qe7 26. Qc5 Qd7 27.
Qc2 Rg8 28. Nc5 Qe7 29. Qb2 Nc4 30. Rxc4 dxc4 31. dxe5 Rcd8 32. Rxd8 Rxd8
33. e6 f4 34. Bxf4 f5 35. Qc2 c3 36. Qxf5 Rd1+ 37. Kh2 Rd2 38. Qg5 Qxg5 39.
Bxg5 Kg8 40. e7 Kf7 41. Ne6 Be5+ 42. f4 Bd6 43. Bf6 c2 44. Nd8+ Ke8 45. Bb2
Rd1 46. Nxc6 c1=Q 47. Bxc1 Rxc1 48. Nxa7 Bxb4 49. Nb5 Rc5 50. Nd4 Kxe7 51.
Kg3 Rc3 52. a6 Rxe3+ 53. Kf2 Rc3 54. a7 Rc8 55. Nc6+ Kd6 56. Nxb4 Ra8 57.
Kf3 Rxa7 58. Nd3 $6 (58. Nc2 $10 { would have been simpler. }) 58... Ke6
59. g4 Ra3 60. Ke3 Kd5 61. Ke2 $2 ({ The losing move. } 61. f5 $1 { draws,
e.g. } 61... Kc4 62. f6 Rxd3+ 63. Ke4 Rxh3 64. f7 Rh1 65. Ke5 $10) 61...
Ke4 $19 62. Nc5+ Kxf4 63. Kf2 Ra2+ 64. Kg1 Kg3 65. Ne4+ Kxh3 66. Nf6 Kg3
67. Ne4+ Kxg4 68. Nf6+ Kg3 0-1

[Event "Irish Championship 2018"]
[Site "Dublin IRL"]
[Date "2018.08.07"]
[Round "4.16"]
[White "Melaugh, Gavin"]
[Black "Nolan, Conor"]
[Result "1-0"]
[WhiteElo "2029"]
[BlackElo "1935"]
[WhiteICU "1999"]
[BlackICU "1914"]
[WhiteClub "Elm Mount"]
[BlackClub "Gonzaga"]
[WhiteNationality "IRL"]
[BlackNationality "IRL"]
[WhiteFideId "2509571"]
[BlackFideId "2509466"]
[PlyCount "87"]
[EventDate "2018.08.04"]
[Source "TWIC 1240"]

{ Event information: <a
href="https://www.irlchess.com/irlch2018_allfiles/pairings_irlch2018.html">Tournament
report</a>. }

1. e4 c6 2. d4 d5 3. exd5 cxd5 4. Bf4 Nc6 5. c3 Nf6 6. Bd3 e6 7. Nf3 Bd6 8.
Bg3 O-O 9. Nbd2 Rb8 10. Qe2 a6 11. Ne5 Qc7 12. f4 b5 13. Bh4 Be7 14. g4 Nd7
15. Bg3 Ndxe5 16. fxe5 b4 17. O-O bxc3 18. bxc3 Qa5 19. Nb3 Qa3 20. Qc2 h6
21. Bf4 Bd7 22. Qd2 Rfc8 23. Bxh6 Na5 24. Bc2 Be8 25. Qd3 g6 26. Qxa6 Nxb3
27. Qxa3 Bxa3 28. Bxb3 Bb2 29. Rab1 Bxc3 30. Be3 Bb5 31. Rf3 Bd3 32. Rc1
Be4 33. Rh3 Kg7 34. Bh6+ Kg8 35. Rcxc3 Rxc3 36. Rxc3 Rb4 37. Bg5 Rxd4 38.
Bf6 g5 39. Rc8+ Kh7 40. Rh8+ Kg6 41. Rg8+ Kh6 42. Bxg5+ Kh7 43. Rc8 Bg2 44.
Bc2+ 1-0

[Event "Irish Championship 2018"]
[Site "Dublin IRL"]
[Date "2018.08.07"]
[Round "4.17"]
[White "Nemeth, Zalan"]
[Black "Tirziman, Rudolf"]
[Result "1/2-1/2"]
[WhiteElo "1876"]
[BlackElo "1943"]
[WhiteICU "1818"]
[BlackICU "1902"]
[WhiteClub "Galway"]
[BlackClub "Blanchardstown"]
[WhiteNationality "IRL"]
[BlackNationality "IRL"]
[WhiteFideId "2512041"]
[BlackFideId "2508664"]
[PlyCount "47"]
[EventDate "2018.08.04"]
[Source "TWIC 1240"]

{ Event information: <a
href="https://www.irlchess.com/irlch2018_allfiles/pairings_irlch2018.html">Tournament
report</a>. }

1. c4 e5 2. g3 Nf6 3. Bg2 d5 4. cxd5 Nxd5 5. Nc3 Nxc3 6. bxc3 Nc6 7. Rb1
Bc5 8. d3 O-O 9. Nh3 Bb6 10. O-O Be6 11. Qc2 h6 12. Kh1 Qd7 13. Ng1 f5 14.
f4 Bd5 15. c4 Bxg2+ 16. Kxg2 Nd4 17. Qd1 exf4 18. gxf4 c5 19. e3 Nc6 20.
Nf3 Rad8 21. Rb3 Qe6 22. Kf2 Rd6 23. Bb2 Bd8 24. Rg1 1/2-1/2

[Event "Irish Championship 2018"]
[Site "Dublin IRL"]
[Date "2018.08.07"]
[Round "4.18"]
[White "Nolan, Dermot"]
[Black "Scott, Luke"]
[Result "0-1"]
[WhiteElo "1841"]
[BlackElo "1873"]
[WhiteICU "1759"]
[BlackICU "1795"]
[WhiteClub "Gonzaga"]
[BlackClub "T.C.D."]
[WhiteNationality "IRL"]
[BlackNationality "IRL"]
[WhiteFideId "2510260"]
[BlackFideId "2507986"]
[PlyCount "66"]
[EventDate "2018.08.04"]
[Source "TWIC 1240"]

{ Event information: <a
href="https://www.irlchess.com/irlch2018_allfiles/pairings_irlch2018.html">Tournament
report</a>. }

1. e4 e6 2. d4 d5 3. Nc3 Nf6 4. e5 Nfd7 5. f4 c5 6. Nf3 Nc6 7. Be3 a6 8.
Qd2 b5 9. a3 Qa5 10. dxc5 Bxc5 11. Bxc5 Nxc5 12. Nd4 Qc7 13. Nxc6 Qxc6 14.
Be2 Bb7 15. O-O O-O 16. Bf3 Rfd8 17. Rad1 a5 18. f5 b4 19. f6 gxf6 20. exf6
Kh8 21. Ne2 Qb6 22. Kh1 Rg8 23. Ng3 Rad8 24. Bh5 Ne4 25. Nxe4 dxe4 26. Qf4
Rxd1 27. Rxd1 e5 28. Qxe5 Qf2 29. Rg1 e3 30. Bg4 Rxg4 31. Qb8+ Rg8 32. Qxb7
Rd8 33. Qxf7 Qxg1+ $1 0-1

[Event "Irish Championship 2018"]
[Site "Dublin IRL"]
[Date "2018.08.08"]
[Round "5.1"]
[White "Lopez, Alex"]
[Black "O'Donnell, Conor"]
[Result "1/2-1/2"]
[WhiteTitle "IM"]
[BlackTitle "FM"]
[WhiteElo "2411"]
[BlackElo "2336"]
[WhiteICU "2476"]
[BlackICU "2312"]
[BlackClub "Gonzaga"]
[WhiteNationality "IRL"]
[BlackNationality "IRL"]
[WhiteFideId "2501430"]
[BlackFideId "2504243"]
[PlyCount "61"]
[EventDate "2018.08.04"]
[Source "TWIC 1240"]

{ Event information: <a
href="https://www.irlchess.com/irlch2018_allfiles/pairings_irlch2018.html">Tournament
report</a>. }

1. Nf3 d5 2. g3 g6 3. d4 c6 4. Bg2 Bg7 5. O-O Nf6 6. b3 O-O 7. Bb2 a5 8. c4
a4 9. Nbd2 Bf5 10. Ne5 Nbd7 11. Nxd7 Qxd7 12. bxa4 b6 13. Qb3 Qa7 14. cxd5
cxd5 15. Nb1 Qxa4 16. Nc3 Qxb3 17. axb3 e6 18. Rfc1 Nd7 19. e3 Bd3 20. Bf1
Bxf1 21. Kxf1 Rfc8 22. Rxa8 Rxa8 23. Na4 b5 24. Nc3 Bf8 25. Ke2 Rc8 26. Ra1
b4 27. Nd1 Nb8 28. Kd3 Bd6 29. Ra8 Rc6 30. Ra7 Ra6 31. Rxa6 1/2-1/2

[Event "Irish Championship 2018"]
[Site "Dublin IRL"]
[Date "2018.08.08"]
[Round "5.2"]
[White "Baburin, Alexander"]
[Black "Murray, David"]
[Result "1/2-1/2"]
[WhiteTitle "GM"]
[WhiteElo "2458"]
[BlackElo "2149"]
[WhiteICU "2428"]
[BlackICU "2123"]
[WhiteClub "Kilkenny"]
[BlackClub "Gonzaga"]
[WhiteNationality "IRL"]
[BlackNationality "IRL"]
[WhiteFideId "2500914"]
[BlackFideId "2501511"]
[PlyCount "31"]
[EventDate "2018.08.04"]
[Source "TWIC 1240"]

{ Event information: <a
href="https://www.irlchess.com/irlch2018_allfiles/pairings_irlch2018.html">Tournament
report</a>. }

1. d4 Nf6 2. Nf3 c5 3. d5 b5 4. Bg5 Qb6 5. Bxf6 Qxf6 6. c3 g6 7. e4 Qb6 8.
a4 b4 9. Nbd2 Ba6 10. Bxa6 bxc3 11. bxc3 Qxa6 12. Qb3 Bg7 13. Nc4 d6 14.
O-O Nd7 15. Nfd2 O-O 16. Qc2 1/2-1/2

[Event "Irish Championship 2018"]
[Site "Dublin IRL"]
[Date "2018.08.08"]
[Round "5.3"]
[White "Short, Philip"]
[Black "Collins, Sam"]
[Result "1/2-1/2"]
[WhiteTitle "FM"]
[BlackTitle "IM"]
[WhiteElo "2333"]
[BlackElo "2445"]
[BlackICU "2425"]
[BlackClub "Gonzaga"]
[WhiteNationality "IRL"]
[BlackNationality "IRL"]
[WhiteFideId "2500086"]
[BlackFideId "2501198"]
[PlyCount "113"]
[EventDate "2018.08.04"]
[Source "TWIC 1240"]

{ Event information: <a
href="https://www.irlchess.com/irlch2018_allfiles/pairings_irlch2018.html">Tournament
report</a>. }

1. d4 Nf6 2. Nf3 g6 3. g3 Bg7 4. Bg2 O-O 5. O-O d6 6. c4 Nc6 7. Nc3 e5 8.
d5 Nb8 9. e4 a5 10. h3 Na6 11. Be3 b6 12. Nd2 Bd7 13. a3 Qe8 14. b3 Nh5 15.
Re1 f5 16. Nf1 Qf7 17. Bd2 Nc5 18. exf5 gxf5 19. Ra2 f4 20. Bc1 f3 21. Bh1
Bxh3 22. Re3 Bg2 23. Bxg2 fxg2 24. Nh2 Qg6 25. b4 axb4 26. axb4 Rxa2 27.
Nxa2 Ne4 28. Rf3 Ra8 29. Qb3 Ng5 30. Bxg5 Qxg5 31. Qc2 Qg6 32. Qxg6 hxg6
33. Nc3 Ra1+ 34. Kxg2 Rc1 35. Ng4 e4 36. Nxe4 Rxc4 37. Ngf6+ Nxf6 38. Nxf6+
Bxf6 39. Rxf6 Kg7 40. Rf4 Rc2 41. Kf3 b5 42. Ke3 g5 43. Re4 Kf7 44. g4 Rc3+
45. Kd2 Rb3 46. Ke2 Rb1 47. f3 Rb2+ 48. Ke3 Rb3+ 49. Ke2 Rb1 50. Kd2 Rb3
51. Ke2 Kf8 52. Rd4 Kg7 53. Re4 Kf7 54. Rd4 Rb2+ 55. Ke3 Rb3+ 56. Ke2 Rb2+
57. Ke3 1/2-1/2

[Event "Irish Championship 2018"]
[Site "Dublin IRL"]
[Date "2018.08.08"]
[Round "5.4"]
[White "Delaney, Killian"]
[Black "Moran, Stephen"]
[Result "1/2-1/2"]
[WhiteElo "2206"]
[BlackElo "2155"]
[WhiteICU "2206"]
[BlackICU "2095"]
[WhiteClub "Gonzaga"]
[BlackClub "T.C.D."]
[WhiteNationality "IRL"]
[BlackNationality "IRL"]
[WhiteFideId "2501570"]
[BlackFideId "2501872"]
[PlyCount "39"]
[EventDate "2018.08.04"]
[Source "TWIC 1240"]

{ Event information: <a
href="https://www.irlchess.com/irlch2018_allfiles/pairings_irlch2018.html">Tournament
report</a>. }

1. c4 g6 2. Nc3 c5 3. Nf3 Bg7 4. e3 Nf6 5. d4 cxd4 6. exd4 d5 7. cxd5 Nxd5
8. Bc4 Nxc3 9. bxc3 Qc7 10. Qb3 O-O 11. O-O Nc6 12. Be2 Na5 13. Qb4 Be6 14.
Bg5 Rfe8 15. Rfe1 Rac8 16. Bb5 Nc6 17. Qa3 a6 18. Ba4 b5 19. Bb3 Bxb3 20.
axb3 1/2-1/2

[Event "Irish Championship 2018"]
[Site "Dublin IRL"]
[Date "2018.08.08"]
[Round "5.5"]
[White "O'Gorman, Tom"]
[Black "Wall, Gavin"]
[Result "0-1"]
[WhiteTitle "FM"]
[BlackTitle "IM"]
[WhiteElo "2258"]
[BlackElo "2341"]
[WhiteICU "2239"]
[BlackICU "2290"]
[WhiteClub "Dun Laoghaire"]
[BlackClub "Richmond ENG"]
[WhiteNationality "IRL"]
[BlackNationality "IRL"]
[WhiteFideId "2508249"]
[BlackFideId "2501244"]
[PlyCount "114"]
[EventDate "2018.08.04"]
[Source "TWIC 1240"]

{ Event information: <a
href="https://www.irlchess.com/irlch2018_allfiles/pairings_irlch2018.html">Tournament
report</a>. }

1. e4 e5 2. Nf3 d6 3. d4 exd4 4. Nxd4 Nf6 5. Nc3 Be7 6. Be2 O-O 7. Bf4 Nc6
8. Qd2 Nxd4 9. Qxd4 Be6 10. O-O-O Nd7 11. g4 Nb6 12. Nd5 Bxd5 13. exd5 Re8
14. Bb5 Bf6 15. Qd3 Bg5 16. Bxg5 Qxg5+ 17. Qd2 Qxd2+ 18. Rxd2 Re5 19. Rhd1
h5 20. f4 Re4 21. gxh5 Rxf4 22. Rg2 Kh7 23. Rg5 Kh6 24. Rdg1 Rg8 25. Bd3
Nd7 26. R5g4 Rxg4 27. Rxg4 Ne5 28. Ra4 Ra8 29. Be2 f5 30. Kd2 Nd7 31. Rc4
Rc8 32. Rf4 Kg5 33. Ke3 Re8+ 34. Kf3 Re5 35. Rc4 Re7 36. Rf4 g6 37. h4+
Kxh5 38. Kf2+ Kh6 39. h5 Nc5 40. hxg6 Kxg6 41. Bd3 Re5 42. Rd4 a5 43. Kf3
Kg5 44. b3 Nd7 45. Rc4 Re7 46. Rd4 Ne5+ 47. Kg3 Ng6 48. Kf3 Ne5+ 49. Kg3
Rh7 50. a3 Rh1 51. Be2 f4+ 52. Rxf4 Rg1+ 53. Kf2 Kxf4 54. Kxg1 Ke3 55. Kf1
Kd2 56. c4 Kc3 57. Bd1 Nd3 0-1

[Event "Irish Championship 2018"]
[Site "Dublin IRL"]
[Date "2018.08.08"]
[Round "5.6"]
[White "Carroll, Peter"]
[Black "Brady, Stephen"]
[Result "1-0"]
[BlackTitle "FM"]
[WhiteElo "1794"]
[BlackElo "2336"]
[WhiteICU "1802"]
[BlackICU "2279"]
[WhiteClub "Gonzaga"]
[BlackClub "St. Benildus"]
[WhiteNationality "IRL"]
[BlackNationality "IRL"]
[WhiteFideId "2510243"]
[BlackFideId "2500124"]
[PlyCount "67"]
[EventDate "2018.08.04"]
[Source "TWIC 1240"]

{ Event information: <a
href="https://www.irlchess.com/irlch2018_allfiles/pairings_irlch2018.html">Tournament
report</a>. }

1. e4 e6 2. d4 d5 3. Nc3 Bb4 4. e5 Ne7 5. a3 Bxc3+ 6. bxc3 c5 7. Qg4 cxd4
8. Qxg7 Rg8 9. Qxh7 Qc7 10. Ne2 dxc3 11. f4 Nbc6 12. Qd3 d4 13. Nxd4 Nxd4
14. Qxd4 Bd7 15. Rg1 Nf5 16. Qf2 Qc6 17. Bd3 Qd5 18. Rb1 Bc6 19. Rb3 O-O-O
20. Rxc3 Kb8 21. g4 Nd4 22. Rg3 Qh1+ 23. Bf1 Bb5 $4 ({ Theory continues }
23... b6 $1 { and Black is thought to have full compensation for the two
pawns. }) 24. Qg2 Qxg2 25. Rxg2 Bxf1 26. Kxf1 Nb5 27. Rd3 Rxd3 28. cxd3 Rh8
29. f5 exf5 30. gxf5 Nd4 31. Rg5 Rxh2 32. Bf4 Rh4 33. Bg3 Rh7 34. e6+ 1-0

[Event "Irish Championship 2018"]
[Site "Dublin IRL"]
[Date "2018.08.08"]
[Round "5.7"]
[White "Murphy, Conor E."]
[Black "Daly, Colm"]
[Result "1/2-1/2"]
[WhiteTitle "FM"]
[BlackTitle "FM"]
[WhiteElo "2336"]
[BlackElo "2329"]
[BlackICU "2255"]
[WhiteClub "Charlton ENG"]
[BlackClub "Bray/Greystones"]
[WhiteNationality "IRL"]
[BlackNationality "IRL"]
[WhiteFideId "421669"]
[BlackFideId "2500434"]
[PlyCount "136"]
[EventDate "2018.08.04"]
[Source "TWIC 1240"]

{ Event information: <a
href="https://www.irlchess.com/irlch2018_allfiles/pairings_irlch2018.html">Tournament
report</a>. }

1. e4 c5 2. Nf3 d6 3. Bb5+ Bd7 4. Bxd7+ Nxd7 5. O-O Ngf6 6. Re1 e6 7. c3
Be7 8. d4 cxd4 9. cxd4 d5 10. e5 Ne4 11. Re2 Rc8 12. Ne1 h5 13. f3 Ng5 14.
Nc3 Nh7 15. Nd3 Nhf8 16. Be3 a6 17. Rc1 Nb6 18. b3 Nfd7 19. a4 Nb8 20. Na2
Nc6 21. Nc5 Bxc5 22. Rxc5 Nd7 23. Rc3 Ne7 24. Rxc8 Qxc8 25. Bc1 Qd8 26. Ba3
Qb6 27. Kh1 Nc6 28. Rd2 f5 29. exf6 gxf6 30. Nc1 Kf7 31. Ne2 Nf8 32. Bc5
Qd8 33. Qc2 Ng6 34. Qd3 h4 35. Qe3 Qb8 36. Rd1 Nce7 37. Bxe7 Kxe7 38. Rc1
Rc8 39. Qh6 Rxc1+ 40. Qxc1 Kf7 41. g3 Qd6 42. Qh6 Qf8 43. Qh7+ Qg7 44. Qh5
hxg3 45. hxg3 Qh8 46. Qxh8 Nxh8 47. Kg2 Ng6 48. Kh3 Ne7 49. g4 Nc6 50. f4
Na5 51. b4 Nb3 52. g5 Kg6 53. Kg4 b6 54. b5 a5 55. gxf6 Kxf6 56. f5 exf5+
57. Kf3 Nd2+ 58. Ke3 Nc4+ 59. Kf4 Ke6 60. Kg5 Nb2 61. Nc3 Nd3 62. Ne2 Nb2
63. Nc3 Nc4 64. Ne2 Ne3 65. Nf4+ Ke7 66. Ne2 Ke6 67. Nf4+ Kd6 68. Ne2 Ke6
1/2-1/2

[Event "Irish Championship 2018"]
[Site "Dublin IRL"]
[Date "2018.08.08"]
[Round "5.8"]
[White "Butler, Kevin C."]
[Black "Li, Henry"]
[Result "0-1"]
[WhiteElo "2064"]
[BlackElo "2232"]
[WhiteICU "2000"]
[BlackICU "2207"]
[WhiteClub "Phibsboro"]
[BlackClub "Gonzaga"]
[WhiteNationality "IRL"]
[BlackNationality "IRL"]
[WhiteFideId "2501538"]
[BlackFideId "2508524"]
[PlyCount "74"]
[EventDate "2018.08.04"]
[Source "TWIC 1240"]

{ Event information: <a
href="https://www.irlchess.com/irlch2018_allfiles/pairings_irlch2018.html">Tournament
report</a>. }

1. e4 e5 2. Nf3 Nc6 3. Bc4 Nf6 4. d3 Be7 5. O-O O-O 6. a4 d6 7. Re1 Na5 8.
Ba2 c5 9. c3 Nc6 10. Nbd2 Re8 11. Nf1 h6 12. Ng3 Bf8 13. Qe2 d5 14. Nh4 g6
15. exd5 Nxd5 16. Nxg6 fxg6 17. Qe4 Ne7 18. Qxe5 Bg7 19. Bxd5+ Kh7 20. Qe4
Bf5 21. Nxf5 gxf5 22. Bg8+ Kxg8 23. Qxb7 Qd5 24. Qa6 Kh7 25. Be3 Ng6 26.
Qb5 Rac8 27. f3 Re6 28. a5 Ne5 29. Bf2 Rg6 30. Rxe5 Bxe5 31. d4 a6 32. Qd3
c4 33. Qe2 Bg7 34. Ra4 Qb5 35. Qc2 Rb8 36. g4 fxg4 37. Rb4 gxf3+ 0-1

[Event "Irish Championship 2018"]
[Site "Dublin IRL"]
[Date "2018.08.08"]
[Round "5.9"]
[White "Manojlovic, Mihailo"]
[Black "Freeman, Gordon"]
[Result "1-0"]
[WhiteElo "1988"]
[BlackElo "2205"]
[WhiteICU "2022"]
[BlackICU "2159"]
[WhiteClub "St. Benildus"]
[BlackClub "Gonzaga"]
[WhiteNationality "IRL"]
[BlackNationality "IRL"]
[WhiteFideId "2507633"]
[BlackFideId "2501309"]
[PlyCount "43"]
[EventDate "2018.08.04"]
[Source "TWIC 1240"]

{ Event information: <a
href="https://www.irlchess.com/irlch2018_allfiles/pairings_irlch2018.html">Tournament
report</a>. }

1. e4 g6 2. d4 d6 3. Nc3 c6 4. Be3 Nf6 5. f3 Nbd7 6. Qd2 e5 7. O-O-O Qc7 8.
g4 b5 9. g5 Nh5 10. Nge2 Rb8 11. Ng3 Qa5 12. Nxh5 gxh5 13. f4 exf4 14. Bxf4
b4 15. Nb1 Qxa2 16. e5 Bg7 17. e6 Nc5 18. exf7+ Kd7 19. Bc4 Qxc4 20. dxc5
Qxc5 21. Bxd6 Qd5 22. Bxb8 1-0

[Event "Irish Championship 2018"]
[Site "Dublin IRL"]
[Date "2018.08.08"]
[Round "5.10"]
[White "Fox, Anthony"]
[Black "Rush, Stephen"]
[Result "1/2-1/2"]
[WhiteElo "2046"]
[BlackElo "2025"]
[WhiteICU "2024"]
[BlackICU "1903"]
[WhiteClub "Dun Laoghaire"]
[BlackClub "Strand"]
[WhiteNationality "IRL"]
[BlackNationality "IRL"]
[WhiteFideId "2500736"]
[BlackFideId "2512173"]
[PlyCount "29"]
[EventDate "2018.08.04"]
[Source "TWIC 1240"]

{ Event information: <a
href="https://www.irlchess.com/irlch2018_allfiles/pairings_irlch2018.html">Tournament
report</a>. }

1. e4 e6 2. d4 d5 3. exd5 exd5 4. Nf3 Nc6 5. c3 Bd6 6. Bd3 Bg4 7. O-O Nge7
8. Re1 Qd7 9. Nbd2 O-O 10. Nf1 Bf5 11. Ng3 Bxd3 12. Qxd3 Bxg3 13. hxg3 Ng6
14. Bd2 a6 15. b3 1/2-1/2

[Event "Irish Championship 2018"]
[Site "Dublin IRL"]
[Date "2018.08.08"]
[Round "5.11"]
[White "Bourached, Anthony"]
[Black "Cafolla, Peter"]
[Result "1/2-1/2"]
[WhiteElo "2026"]
[BlackElo "1955"]
[WhiteICU "2083"]
[BlackICU "1939"]
[WhiteClub "T.C.D."]
[BlackClub "Rathmines"]
[WhiteNationality "IRL"]
[BlackNationality "IRL"]
[WhiteFideId "2504456"]
[BlackFideId "2500884"]
[PlyCount "132"]
[EventDate "2018.08.04"]
[Source "TWIC 1240"]

{ Event information: <a
href="https://www.irlchess.com/irlch2018_allfiles/pairings_irlch2018.html">Tournament
report</a>. }

1. e4 c5 2. Nf3 Nc6 3. d4 cxd4 4. Nxd4 Nf6 5. Nc3 e5 6. Ndb5 d6 7. Bg5 a6
8. Na3 b5 9. Nd5 Qa5+ 10. Bd2 Qd8 11. Bg5 Qa5+ 12. Bd2 Qd8 13. c4 Nxd5 14.
cxd5 Ne7 15. Bd3 g6 16. O-O Bg7 17. Nc2 O-O 18. a4 Bd7 19. axb5 axb5 20.
Rxa8 Qxa8 21. Bb4 Qb8 22. Qa1 f5 23. Qa6 fxe4 24. Bxe4 Rf6 25. Bd2 Nf5 26.
Nb4 Nd4 27. Ra1 Nb3 28. Qa8 Rf8 29. Qxb8 Rxb8 30. Rd1 Nxd2 31. Rxd2 Ra8 32.
f3 Bh6 33. Rd3 Bc1 34. Rb3 Kf7 35. Kf2 Kf6 36. Nd3 Rc8 37. Nxc1 Rxc1 38.
Ra3 Rc4 39. Ra7 Ke7 40. Bd3 Rb4 41. Ra2 Bf5 42. Bxf5 gxf5 43. Ra7+ Kf6 44.
Rd7 Rxb2+ 45. Ke3 Rb3+ 46. Kd2 Rb2+ 47. Kc3 Rxg2 48. Rxd6+ Kf7 49. Rd7+ Ke8
50. Rxh7 Rf2 51. Kb4 e4 52. fxe4 fxe4 53. d6 Rf7 54. Rh4 Kd7 55. Rxe4 Kxd6
56. Kxb5 Rf2 57. h4 Kd5 58. Rg4 Rb2+ 59. Ka4 Rh2 60. Kb4 Ke6 61. Kc5 Kf5
62. Ra4 Kg6 63. Kd6 Kh5 64. Ra8 Kxh4 65. Rh8+ Kg3 66. Rxh2 Kxh2 1/2-1/2

[Event "Irish Championship 2018"]
[Site "Dublin IRL"]
[Date "2018.08.08"]
[Round "5.12"]
[White "O'Gorman, Alice"]
[Black "Jessel, Stephen"]
[Result "0-1"]
[BlackTitle "FM"]
[WhiteElo "1896"]
[BlackElo "2346"]
[WhiteICU "1779"]
[BlackICU "2337"]
[WhiteClub "Dun Laoghaire"]
[BlackClub "Gonzaga"]
[WhiteNationality "IRL"]
[BlackNationality "IRL"]
[WhiteFideId "2508214"]
[BlackFideId "628859"]
[PlyCount "106"]
[EventDate "2018.08.04"]
[Source "TWIC 1240"]

{ Event information: <a
href="https://www.irlchess.com/irlch2018_allfiles/pairings_irlch2018.html">Tournament
report</a>. }

1. e4 c5 2. Nf3 e6 3. d4 cxd4 4. Nxd4 a6 5. Nc3 Qc7 6. Bd3 Nf6 7. f4 d6 8.
g4 b5 9. g5 Nfd7 10. O-O b4 11. Nce2 Bb7 12. Ng3 Nc6 13. Be3 Nxd4 14. Bxd4
e5 15. fxe5 dxe5 16. Be3 Bc5 17. Qf3 Bxe3+ 18. Qxe3 Qc5 19. Qxc5 Nxc5 20.
Rf5 O-O-O 21. Rxf7 g6 22. Re7 Rde8 23. Rxe8+ Rxe8 24. Rf1 Re7 25. Kf2 Kc7
26. Ke3 a5 27. Bc4 Na4 28. b3 Nc3 29. Rf7 Kd7 30. Rxe7+ Kxe7 31. Kd3 Nxa2
32. Ne2 Bc8 33. Bd5 Ba6+ 34. Kd2 Bb5 35. Bg8 Kf8 36. Bd5 Ke7 37. Bb7 $6 (
37. Bg8 $10) 37... Kd6 38. Nc1 $4 (38. Ke3 $10) 38... Nxc1 39. Kxc1 Kc5 $19
40. Kd2 Kd4 41. Bd5 Bd7 42. h4 Be8 43. Bb7 Bf7 44. Bc6 Be6 45. Bb7 Bg4 46.
Bd5 Bh5 47. Bg8 Kxe4 48. Bxh7 Kd4 49. Bg8 e4 50. Bc4 a4 51. Bb5 a3 52. Kc1
Kc3 53. Kb1 e3 0-1